Words with only one Vowel: O - Statistics

General Stats
  • This quiz has been taken 1,488 times
  • The average score is 10 of 20
Answer Stats
Hint Answer % Correct
Where most children learn School
98%
Pop-ular movie snack Popcorn
88%
Long-handled sweeping brush Broom
75%
A day that never comes Tomorrow
73%
Container for hammer, wrench etc Toolbox
72%
Dolittle, Dre or Who Doctor
71%
Caterpillar lair Cocoon
60%
Trunk of the human body Torso
50%
Caribbean, black religious cult Voodoo
50%
Mitt Romney's religion Mormon
49%
Rabat is its capital city Morocco
49%
Denver football team Broncos
45%
Radio code word for the letter F Foxtrot
45%
Mass of flowers on a tree Blossom
42%
Eyes tinged red with fatigue Bloodshot
37%
University, or questionable comma Oxford
33%
Extend the duration of Prolong
29%
Largest city in Sri Lanka Colombo
26%
Elaborately ornamental Baroque style Rococo
22%
Incapable of going wrong Foolproof
16%
No matching quizzes found
Score Distribution
Percent of People with Each Score
Percentile by Number Answered
Your Score History
You have not taken this quiz